[Event "Hamburg-chT Landesliga 1920"]
[Site "Hamburg"]
[Date "2020.02.09"]
[Round "6.6"]
[White "Winter, Markus"]
[Black "Peters, Thomas"]
[Result "0-1"]
[WhiteElo "2023"]
[BlackElo "1806"]
[PlyCount "80"]
[EventDate "2019.09.29"]
[EventType "team-tourn"]
[EventRounds "9"]
[EventCountry "GER"]
[SourceTitle "EXT 2021"]
[Source "ChessBase"]
[SourceDate "2020.10.23"]
[SourceVersion "1"]
[SourceVersionDate "2020.10.23"]
[SourceQuality "1"]

1. d4 d5 2. Nf3 c6 3. Bf4 e6 4. c3 f5 5. e3 Nf6 6. Nbd2 Bd6 7. Ne5 Qc7 8. Bd3 Nbd7 9. Nxd7 Bxd7 10. Bxd6 Qxd6 11. Nf3 0-0 12. Ne5 Be8 13. Qe2 Nd7 14. f4 Nxe5 15. fxe5 Qe7 16. h4 c5 17. g4 f4 18. 0-0-0 fxe3 19. Qxe3 c4 20. Bb1 b5 21. Rdf1 Rxf1+ 22. Rxf1 Qxh4 23. Qf4 Qe7 24. g5 Bh5 25. Qh4 Qe8 26. Bc2 Bg6 27. Bxg6 Qxg6 28. Qf4 Qe8 29. Qg4 a5 30. Rf3 Ra7 31. Rh3 Qg6 32. Rf3 Rf7 33. Rf4 Rxf4 34. Qxf4 h6 35. gxh6 Qxh6 36. Qxh6 gxh6 37. Kd2 Kg7 38. Ke3 Kg6 39. Kf4 h5 40. a3 a4 0-1

[Event "Hamburg-chT Landesliga 1920"]
[Site "Hamburg"]
[Date "2020.01.19"]
[Round "5.5"]
[White "Posske, Thore"]
[Black "Peters, Thomas"]
[Result "1/2-1/2"]
[WhiteElo "2017"]
[BlackElo "1806"]
[PlyCount "173"]
[EventDate "2019.09.29"]
[EventType "team-tourn"]
[EventRounds "9"]
[EventCountry "GER"]
[SourceTitle "EXT 2021"]
[Source "ChessBase"]
[SourceDate "2020.10.23"]
[SourceVersion "1"]
[SourceVersionDate "2020.10.23"]
[SourceQuality "1"]

1. d4 d5 2. c4 c6 3. Nc3 Nf6 4. Nf3 Qb6 5. Qc2 Bg4 6. c5 Qc7 7. Ne5 Nbd7 8. Bf4 Nxe5 9. Bxe5 Qd7 10. f3 Bh5 11. e3 Bg6 12. Qc1 h5 13. Be2 h4 14. b4 Nh5 15. 0-0 f6 16. Bf4 Nxf4 17. exf4 Bf5 18. Qe3 Qc7 19. Rfe1 g6 20. Bd3 Bxd3 21. Qxd3 Qxf4 22. Qxg6+ Kd8 23. Rad1 h3 24. Rd3 hxg2 25. Qxg2 Bh6 26. b5 Kd7 27. Ne2 Qf5 28. Rb3 Bf4 29. bxc6+ Kxc6 30. Nxf4 Qxf4 31. Qe2 Qxd4+ 32. Kh1 Qxc5 33. Qe6+ Kc7 34. Rbe3 Rh7 35. Qf5 Rah8 36. Qf4+ e5 37. Qxf6 Rxh2+ 38. Kg1 Rh1+ 39. Kg2 Qc2+ 40. R1e2 R8h2+ 41. Kg3 Rh3+ 42. Kg2 R1h2+ 43. Kg1 Rh1+ 44. Kg2 R1h2+ 45. Kg1 Qb1+ 46. Re1 Rh1+ 47. Kg2 Qxa2+ 48. R1e2 R1h2+ 49. Kg1 Qa1+ 50. Re1 Rh1+ 51. Kg2 Qb2+ 52. R1e2 R1h2+ 53. Kg1 Rh1+ 54. Kg2 R3h2+ 55. Kg3 Rxe2 56. Qe7+ Kc6 57. Qe6+ Kc5 58. Qe7+ Kc6 59. Qe6+ Kb5 60. Qxd5+ Ka4 61. Qd7+ Ka5 62. Qc7+ Ka4 63. Qd7+ Qb5 64. Ra3+ Kxa3 65. Qxb5 Rb2 66. Qa5+ Kb3 67. Qxa7 Kc2 68. Qc5+ Kb1 69. Qxe5 b5 70. Qf5+ Ka1 71. Qc5 Rhh2 72. Qa3+ Kb1 73. Qd3+ Rhc2 74. f4 b4 75. Qf1+ Ka2 76. Qa6+ Kb1 77. Qf1+ Rc1 78. Qd3+ Ka1 79. Qd4 Rc3+ 80. Kg4 Ra3 81. f5 b3 82. f6 Ka2 83. f7 Ra8 84. Qd5 Rb8 85. Qa5+ Kb1 86. Qe1+ Ka2 87. Qa5+ 1/2-1/2

[Event "Hamburg-chT Landesliga 1819"]
[Site "Hamburg"]
[Date "2019.04.14"]
[Round "9.6"]
[White "Groetzbach, Daniel"]
[Black "Peters, Thomas"]
[Result "1/2-1/2"]
[WhiteElo "2067"]
[BlackElo "1807"]
[PlyCount "53"]
[EventDate "2018.10.21"]
[EventType "team-tourn"]
[EventRounds "9"]
[EventCountry "GER"]
[SourceTitle "EXT 2020"]
[Source "ChessBase"]
[SourceDate "2019.10.17"]
[SourceVersion "1"]
[SourceVersionDate "2019.10.17"]
[SourceQuality "1"]
[WhiteTeam "Hamburger SK IV"]
[BlackTeam "Fischbek"]
[WhiteTeamCountry "GER"]
[BlackTeamCountry "GER"]

1. e4 d5 2. exd5 Qxd5 3. Nf3 Bg4 4. Be2 Nc6 5. d4 0-0-0 6. c4 Qf5 7. Be3 Nf6 8. 0-0 e5 9. d5 e4 10. Nd4 Nxd4 11. Bxd4 Bd6 12. Nc3 Rde8 13. f3 Qh5 14. f4 Bxe2 15. Qxe2 Qxe2 16. Nxe2 b6 17. Ng3 Bc5 18. Bxc5 bxc5 19. Rae1 g6 20. Re3 Re7 21. Rfe1 Rhe8 22. a3 Kd7 23. b4 Kd6 24. h3 c6 25. dxc6 Kxc6 26. b5+ Kc7 27. Kf2 1/2-1/2

[Event "Harburg-chC 9th"]
[Site "Hamburg"]
[Date "2011.08.20"]
[Round "2"]
[White "Peters, Thomas"]
[Black "Albers, Andreas"]
[Result "1-0"]
[WhiteElo "1851"]
[BlackElo "1920"]
[PlyCount "87"]
[EventDate "2011.08.19"]
[EventType "tourn"]
[EventRounds "5"]
[EventCountry "GER"]
[SourceTitle "EXT 2012"]
[Source "ChessBase"]
[SourceDate "2011.11.24"]
[SourceVersion "1"]
[SourceVersionDate "2011.11.24"]
[SourceQuality "1"]

1. d4 Nf6 2. c4 g6 3. Nc3 d5 4. cxd5 Nxd5 5. e4 Nxc3 6. bxc3 Bg7 7. Bc4 0-0 8. Ne2 c5 9. 0-0 Nc6 10. Be3 Bg4 11. f3 Na5 12. Bb3 Bd7 13. Rb1 Nxb3 14. Qxb3 cxd4 15. cxd4 b6 16. Rbc1 Rc8 17. Rxc8 Qxc8 18. Rc1 Qa6 19. Nf4 e5 20. dxe5 Bxe5 21. Nd5 Be6 22. f4 Bg7 23. f5 Bxd5 24. Qxd5 Qe2 25. Bf2 Qb2 26. Be3 Qe5 27. fxg6 hxg6 28. Qb7 Qa5 29. Qd5 Qxd5 30. exd5 Re8 31. Kf2 Rxe3 32. Rc8+ Bf8 33. Kxe3 Kg7 34. Ke4 Bd6 35. h3 Kf6 36. Ra8 a5 37. Rc8 Ke7 38. Rc6 Bc5 39. Ke5 Bd6+ 40. Ke4 Bc5 41. g4 Bf2 42. d6+ Ke6 43. d7+ Kxd7 44. Rf6 1-0

[Event "Hamburg-ch U16"]
[Site "Schoenhagen"]
[Date "2009.03.19"]
[Round "7"]
[White "Boehme, Lasse"]
[Black "Peters, Thomas"]
[Result "1-0"]
[WhiteElo "1652"]
[BlackElo "1126"]
[PlyCount "111"]
[EventDate "2009.03.14"]
[EventType "swiss"]
[EventRounds "9"]
[EventCountry "GER"]
[SourceTitle "EXT 2010"]
[Source "ChessBase"]
[SourceDate "2010.11.25"]
[SourceVersion "1"]
[SourceVersionDate "2010.11.25"]
[SourceQuality "1"]

1. d4 Nf6 2. Bg5 d5 3. e3 e6 4. c4 h6 5. Bh4 Bd6 6. Nf3 g5 7. Bg3 Ne4 8. Nbd2 Nxg3 9. hxg3 Nd7 10. Qc2 b6 11. Nb3 c5 12. cxd5 exd5 13. Be2 Bb7 14. Qf5 Be7 15. Bb5 a6 16. Ne5 Bf6 17. Qxd7+ Qxd7 18. Bxd7+ Ke7 19. Bg4 Bxe5 20. dxe5 a5 21. Bf3 Ke6 22. 0-0 Kxe5 23. Rfd1 Rad8 24. Rd2 h5 25. g4 hxg4 26. Bxg4 f5 27. Be2 Rh6 28. f3 c4 29. Nd4 f4 30. exf4+ gxf4 31. Re1 Kf6 32. Bf1 Rdh8 33. Re6+ Kg5 34. Rxh6 Rxh6 35. Re2 Rf6 36. Re5+ Kg6 37. Re6 Rxe6 38. Nxe6 Kf5 39. Nd4+ Ke5 40. Nb5 Bc6 41. a4 Bxb5 42. axb5 Kd4 43. Kf2 Kc5 44. g3 fxg3+ 45. Kxg3 Kxb5 46. f4 Kb4 47. f5 a4 48. f6 c3 49. bxc3+ Kxc3 50. f7 a3 51. f8Q Kb2 52. Qf2+ Kc3 53. Qa2 Kb4 54. Qxd5 Kc3 55. Qa2 Kb4 56. Qc4+ 1-0